| 000 | 00435nam a2200169Ia 4500 | ||
|---|---|---|---|
| 008 | 230524s9999 xx 000 0 und d | ||
| 020 | _a8126511117 | ||
| 082 |
_a621.398 _bBRU |
||
| 100 | _aEugene N.Bruce | ||
| 245 | 0 | _aBiomedical Signal Processing and Signal Modeling | |
| 250 | _aIST | ||
| 260 |
_aNEW DELHI _bJohn Wiley & Sons _c2007 |
||
| 300 | _aX;517 | ||
| 500 | _aQuantity Number: 5 | ||
| 650 | _aBiomedical | ||
| 942 | _cBK | ||
| 999 |
_c37501 _d37501 |
||